| 000 | 00404nam a22001697a 4500 | ||
|---|---|---|---|
| 003 | OSt | ||
| 008 | 230406b |||||||| |||| 00| 0 eng d | ||
| 020 | _a9789356060135 | ||
| 082 |
_a005.133 _bSTC |
||
| 100 | _aSTROUSTRUP, Bjarne | ||
| 245 | _aThe C++ Programming Language | ||
| 250 |
_a5th Ed _bImpression |
||
| 260 |
_aUP _bPearson _c2025 |
||
| 300 | _axiv, 1346 | ||
| 650 | _aBCA | ||
| 942 |
_2ddc _cREF |
||
| 999 |
_c12986 _d12986 |
||